000 03347nkc a22003617a 4500
001 85833
005 20260429095226.0
007 kh bo
008 260422s1990 sp ||||| |||| |0| i|spa d
040 _aM-RABA
_bspa
_cM-RABA
245 0 1 _a[Catedral de León y proyecto de Hospital General
_b: Dibujos arquitectónicos]
_h[Material gráfico]
260 _c[ca.1990]
300 _a10 fotografías
_b: reproducción fotomecánica
_c; 24 x 18 cm
500 0 0 _aConjunto de10 fotografías de diferentes dibujos de la Catedral de León realizados por Matías Laviña Blasco y de bocetos para el diseño de un nuevo Hospital General realizados por Manuel de Ugartemendia.
500 0 0 _aNota manuscrita a lápiz en el reverso de las fotografías Fot-758 y Fot-763: "Dibujo Cat. León -Escuela Arquitectura. Matías Laviña. Fotos donadas por Pedro Navascúes. Publicado en".
505 _aDibujo de la fachada principal de la Catedral de León (Fot-757) -- Dibujo de la Catedral de León (Fot-758) -- Catedral de León, fachada lateral, entrada norte (Fot-759) -- Catedral de León. Sección longitudinal (Fot-760) -- La Catedral de León. Fachada del Sur (Fot-761) -- Catedral de León. Fachada Sur del crucero (Fot-762) -- Dibujo de la Catedral de León (Fot-763) -- Fachada principal de un Hospital General (Fot-764) -- Planta de un Hospital General (Fot-765) -- Proyecto de un Hospital General (Fot-766).
600 1 7 _aLaviña Blasco, Matías (
_d1796-1868)
_914307
610 2 7 _aCatedral de León (España)
_94538
651 7 _aLeón
_2embne
_975160
655 0 _aFotografías de monumentos
_9111580
852 _jFot-757; Fot-758; Fot-759; Fot-760; Fot-761; Fot-762; Fot-763; Fot-764; Fot-765; Fot-766
856 _uhttps://archivoybiblioteca.realacademiabellasartessanfernando.com/cgi-bin/koha/opac-retrieve-file.pl?id=ad9185c86efe2d4825836cbe45e84775
_yFot-757
856 _uhttps://archivoybiblioteca.realacademiabellasartessanfernando.com/cgi-bin/koha/opac-retrieve-file.pl?id=3bc7ad0463b8844fc4ff2a5a1011aae9
_yFot-758
856 _uhttps://archivoybiblioteca.realacademiabellasartessanfernando.com/cgi-bin/koha/opac-retrieve-file.pl?id=d2b6c42f8d0267ad9faae7781be5cb6f
_yFot-759
856 _uhttps://archivoybiblioteca.realacademiabellasartessanfernando.com/cgi-bin/koha/opac-retrieve-file.pl?id=3803d79efc8c044a8f6cdb174e131e64
_yFot-760
856 _uhttps://archivoybiblioteca.realacademiabellasartessanfernando.com/cgi-bin/koha/opac-retrieve-file.pl?id=8170115edb0c614ce64b356b19c1ab6c
_yFot-761
856 _uhttps://archivoybiblioteca.realacademiabellasartessanfernando.com/cgi-bin/koha/opac-retrieve-file.pl?id=928ccb96a8b573138777f75180c073bc
_yFot-762
856 _uhttps://archivoybiblioteca.realacademiabellasartessanfernando.com/cgi-bin/koha/opac-retrieve-file.pl?id=d4fe9e65146874fceef1b208eca04645
_yFot-763
856 _uhttps://archivoybiblioteca.realacademiabellasartessanfernando.com/cgi-bin/koha/opac-retrieve-file.pl?id=ab0503fbaf5e5238a7626d4ea4e41d35
_yFot-764
856 _uhttps://archivoybiblioteca.realacademiabellasartessanfernando.com/cgi-bin/koha/opac-retrieve-file.pl?id=4491af7334d66227178fbb63d1fdcd2b
_yFot-765
856 _uhttps://archivoybiblioteca.realacademiabellasartessanfernando.com/cgi-bin/koha/opac-retrieve-file.pl?id=e529c5f17334bde25e740cd79f882b6b
_yFot-766
942 _cFOTOGRAFÍA
_n0
999 _c85833
_d85833